Adobe web pack Photoshop 7, LiveMotion 2, and GoLive 6

Sparad:
Bibliografiska uppgifter
Huvudupphovsman: Beskeen, David W
Övriga upphovsmän: Foley, Christine
Materialtyp: Bok
Språk:Undetermined
Publicerad: Boston, MA Thomson/Course Technology 2003
Ämnen:
Länkar:http://lrc.tdmu.edu.vn/opac/search/detail.asp?aID=2&ID=7669
Taggar: Lägg till en tagg
Inga taggar, Lägg till första taggen!
Thư viện lưu trữ: Trung tâm Học liệu Trường Đại học Thủ Dầu Một
LEADER 00696nam a2200217Ia 4500
001 TDMU_7669
008 210410s9999 xx 000 0 und d
082 |a 006.6 
090 |b B206 
100 |a Beskeen, David W 
245 0 |a Adobe web pack 
245 0 |b Photoshop 7, LiveMotion 2, and GoLive 6 
245 0 |c David W. Beskeen, Christine Foley, Elizabeth Reding 
260 |a Boston, MA 
260 |b Thomson/Course Technology 
260 |c 2003 
300 |a xxii. (various pagings) 
650 |a Computer graphics 
700 |a Foley, Christine 
856 |u http://lrc.tdmu.edu.vn/opac/search/detail.asp?aID=2&ID=7669 
980 |a Trung tâm Học liệu Trường Đại học Thủ Dầu Một